Biblioteca

La universidad Colombiana : (Registro nro. 64786)

Detalles MARC
000 -LÍDER
Campo fijo de descripción fija 01831nas a22002774i 4500
001 - NÚMERO DE CONTROL
Campo de control 768714001
003 - IDENTIFICADOR DEL NÚMERO DE CONTROL
Campo de control CO-MdFUSB
005 - FECHA Y HORA DE LA ULTIMA TRANSACCIÓN
control field 20190131200600.0
008 - ELEMENTOS DE LONGITUD FIJA -- INFORMACIÓN GENERAL
Campo fijo de descripción fija -- Información general 190131s2017 ck ||||| |||| 00| 0 spa d
022 ## - NÚMERO INTERNACIONAL NORMALIZADO PARA PUBLICACIONES SERIADAS
Número Internacional Normalizado para Publicaciones Seriadas 0120-6877
040 ## - FUENTE DE CATALOGACIÓN
Agencia Catalogadora CO-MdFUSB
Idioma de catalogación spa
Agencia que realiza la transcripción CO-MdFUSB
Agencia que realiza la modificación CO-MdFUSB
041 ## - CÓDIGO DE IDIOMA
Código de idioma para texto/pista de sonido o título separado spa
100 ## - ASIENTO PRINCIPAL--NOMBRE PERSONAL
Nombre personal Coronado Padilla, Fabio Humberto
Término relacionador autor
245 13 - TÍTULO
Título La universidad Colombiana :
Subtitulo el reto de educar una nueva generación
Mención de responsabilidad / Fabio Humberto Coronado Padilla y Norberto Roa Barrera
300 ## - DESCRIPCIÓN FÍSICA
Extensión Número 72 (2017), páginas 63-82
Dimensiones : 24 cm
520 ## - NOTA DE RESUMEN, ETC.
Nota de sumario, etc. El artículo busca contribuir a dar una respuesta a la pregunta: ¿cómo educar a una nueva generación de colombianos?, hijos de los procesos de paz en curso del país, y quienes actualmente estudian en los campus universitarios. A tal propósito se explaya sobre los cinco lineamientos formativos prioritarios, las siete tesis para una pedagogía del trópico y las cinco atmósferas de prácticas educativas para una cultura de paz,escenarios dentro de los cuales debe realizarse su misión formativa. Un ejercicio del pensar, riguroso y creativo sobre horizontes de sentido que contribuyan a la reconstrucción del tejido social fracturado por más de cinco décadas de violencia. Todo ello enmarcado en una perspectiva que analiza la universidad colombiana desde su lugar geográfico y cultural en y del sur
650 #0 - ASIENTO SECUNDARIO DE MATERIA - TERMINO TEMÁTICO
9 (RLIN) 984
Término temático o nombre geográfico como elemento de entrada Educación
653 ## - TÉRMINO DE INDIZACIÓN - NO CONTROLADO
Término no controlado Universidad Colombiana
653 ## - TÉRMINO DE INDIZACIÓN - NO CONTROLADO
Término no controlado Prioridades formativas
653 ## - TÉRMINO DE INDIZACIÓN - NO CONTROLADO
Término no controlado Pedagogía del trópico
653 ## - TÉRMINO DE INDIZACIÓN - NO CONTROLADO
Término no controlado Prácticas educativas
653 ## - TÉRMINO DE INDIZACIÓN - NO CONTROLADO
Término no controlado Cultura de paz
700 ## - ENTR. SECUNDARIA - Nombre Personal (R)
Nombre de persona Roa Barrera, Norberto
Término indicativo de función autor
773 0# - ASIENTO DE ITEM FUENTE
Biblionumber 64784
Itemnumber 77153
Asiento principal Universidad de la Salle
Otro identificador del ítem R1672
Título Revista de la Universidad de la Salle
Número de control del registro (CO-MdFUSB)768714001
Número Internacional Normalizado para Publicaciones Seriadas (ISSN) 0120-6877
Parte(s) relacionada(s) / Volumen., número. (mes año), páginas Número 72 (2017), páginas 63-82
Enumeración y primera página Página 63
942 ## - TIPO DE MATERIAL (KOHA)
Tipo de Item KOHA Artículos de Revista
Existencias
Expurgo - (Retirado) Estado de Perdido Estado de Dañado No prestable Colección Ubicación habitual Ubicación actual Fecha de Adquisición Tipo de Material
        Colección de Hemeroteca Biblioteca FUSBC Biblioteca FUSBC 31/01/2019 Artículos de Revista

Biblioteca FUSBC | Teléfono: (57+4) 349 88 10 Ext. 141| WhatsApp (+57) 3005338115 
E-mail: biblioteca@unisbc.edu.co | Calle 76 87-14 Robledo Palenque, Medellín, Colombia

Con tecnología Koha